Poky žyve narod, žyve i pisnja (z vystupu ... Milana Bobaka na vikrytti XXIX ohljadu narodnych pisen' "Makovyc'ka struna" v Bardijevi)

Bibliographic Details
Main Author: Bobák, Milan, 1944- (Author)
Format: Article
Language:Ukrainian
PhysicalDescription:Fotogr.
Subjects:

MARC

LEADER 00000nab a2200000 a 4500
001 vtls000794790
003 SK-MaSNL
005 20260318114957.0
008 160401c2001 xo 0 ukr
015 |a SNBRB2002/05-16743 
035 |a CLN000146445 
040 |a SNKBUCL  |b slo  |c SNKBUCL  |e AACR2 
041 0 |a ukr 
044 |a xo  |c SK 
080 |a 78.091.4:784.4  |2 1997 
080 |a 784.4  |2 1997 
100 1 |a Bobák, Milan,  |d 1944-  |4 aut  |9 100945 
245 1 0 |a Poky žyve narod, žyve i pisnja  |b (z vystupu ... Milana Bobaka na vikrytti XXIX ohljadu narodnych pisen' "Makovyc'ka struna" v Bardijevi) 
300 |b Fotogr. 
611 1 7 |a Makovická struna  |n (29. :  |d 2001 :  |c Bardejov, Slovensko)  |2 snkbucl  |9 1619087 
651 7 |a Bardejov (Slovensko : okres)  |2 snkbucl  |9 28620 
655 7 |a články z novín a časopisov  |2 snkbucl  |9 267496 
773 0 |t Nove žyttja  |g Roč. 51, č. 51-52 (2001), s. 1 
850 |a Slovenská národná knižnica v Martine 
852 |a SNK  |b KIS3GCP 
958 |a UK 
958 |a SK 
958 |a RN 
958 |a RBX 
999 |c 3336166  |d 3338096